LIBRARY & INFORMATION CENTRE, KCAET, TAVANUR

ONLINE PUBLIC ACCESS CATALOGUE (OPAC)

Assessment of baseflow for micro watersheds in the midland of Kerala / (Record no. 18077)

MARC details
000 -LEADER
fixed length control field 00421nam a2200145 4500
003 - CONTROL NUMBER IDENTIFIER
control field OSt
082 ## - DEWEY DECIMAL CLASSIFICATION NUMBER
Classification number 631.587
Item number SAB/AS
088 ## - REPORT NUMBER
Report number T 604
100 ## - MAIN ENTRY--AUTHOR NAME
Personal name Sabu, Diya N
245 ## - TITLE STATEMENT
Title Assessment of baseflow for micro watersheds in the midland of Kerala /
260 ## - PUBLICATION, DISTRIBUTION, ETC. (IMPRINT)
Place of publication KCAET, Tavanur :
Name of publisher Department of Soil & Water Conservation Engineering,
Year of publication 2024.
300 ## - PHYSICAL DESCRIPTION
Number of Pages 138 p.
700 ## - ADDED ENTRY--PERSONAL NAME
Personal name Sathian K. K. (Guide)
942 ## - ADDED ENTRY ELEMENTS (KOHA)
Koha item type Theses
Holdings
Collection code Home library Current library Full call number Accession Number Koha item type Public note
Reference KAUAET KAUAET 631.587 SAB/AS T 604 Theses M.Tech Thesis
free website counter